000 00797nam a2200217 a 4500
001 000024826
005 20200930023407.0
008 110204s1996 mx a r 001 0 spa d
020 _a968621433X
_cprimera edición
020 _a9682984130
040 _aDO-SdBNP
_bspa
_cBNPHU
082 _axxxxx
_bS698
245 0 0 _aSonetario /
_ccompilador Brígido Redondo ; prólogo Tirso R. de la Gala G.
260 _aCampeche, México :
_bSecretaría de Educación, Cultura y Deporte,
_c1996.
300 _a742 p. ;
_c22.5 cm.
500 _aIncluye índice de autores y sus obras.
700 1 _aRedondo, Brígido,
_ecomp.
_950944
700 1 _aGala G., Tirso R. de la,
_epról.
_950945
710 1 _aGobierno del Estado de Campeche,
_bSecretaría de educación, Cultura y Deporte.
_950946
049 _aBNGR
999 _c24319
_d24319